LEADER 01385nam a2200313 a 4500 001 000000138318 003 CaOOAMICUS 005 20140512140040.0 008 140512s2009 it u000 u ita r 020 $a978-88-498-2453-7 040 $aPUL$bita 082 04$a340.1 245 03$aLe sfide del diritto :$bscritti in onore del cardinale Agostino Vallini /$cGiuseppe Dalla Torre e Cesare Mirabelli. 260 $aSoveria Mannelli :$bRubbettino,$c©2009. 300 $a527 p. ;$c23 cm 504 $aBibliografia in nota. 650 4$aFilosofia del diritto.$0(OLS)http://pul/subject/620 700 1 $aDalla Torre, Giuseppe,$d1943-2020.$0(OLS)http://pul/name/988 700 1 $aMirabelli, Cesare.$0(OLS)http://pul/name/26937 700 1 $aVallini, Agostino,$ccard.,$d1940-$0(OLS)http://pul/name/21636 850 $aPUL 852 $aPUL$W1$xSL Diritto e Scienze Sociali 3$y79$m340. 1 DALGI 1$j159529$b $qDDC 21$B159064$CPULBib$Z2$F159064 $H123892 $81 941 1 $a9 960 $aDiritto$xFilosofia$9620 996 $6020$a978-88-498-2453-7$9(OLS)http://pul/number/155165 996 $6082$a340.1$9(OLS)http://pul/classification/476 996 $6245$aLe sfide del diritto :$bscritti in onore del cardinale Agostino Vallini$9(OLS)http://pul/title/175088 996 $6260$aSoveria Mannelli :$bRubbettino$9(OLS)http://pul/publisher/51639 LEADER 01629nam a2200373 a 4500 001 000000167622 003 CaOOAMICUS 005 20180514105802.0 008 180514s2017 it acbh u000 u ita r 020 $a978-88-15-27318-5 (set)* 032 $aLibriCat 040 $aPUL$bita 082 14$a284.1 245 00$aLutero :$bun cristiano e la sua eredità, 1517-2017 /$cdirezione di Alberto Melloni. 260 $aBologna :$bIl Mulino,$c©2017. 300 $a2 v. :$bill., facsim., ritr., c. geogr. ;$c25 cm. 600 14$aLuther, Martin,$d1483-1546.$0(OLS)http://pul/subject/329 650 4$aRiforma.$0(OLS)http://pul/subject/330 700 1 $aMelloni, Alberto,$d1959-$0(OLS)http://pul/name/13983 850 $aPUL 852 $aPUL$W1$xSL Religione 3$y85$m284. 1 MELAL 1.1$j191417$bv. 1$qDDC 21$B195262$CPULBib$Z2$F195262 $H130736 $81 852 $aPUL$W1$xSL Religione 3$y85$m284. 1 MELAL 1.2$j191418$bv. 2$qDDC 21$B195263$CPULBib$Z2$F195263 $H130752 $81 941 1 $a9 960 $aMartin Lutero,$d1483-1546$9329 960 $aLuter, Martin,$d1483-1546$9329 960 $aLutero, Martino,$d1483-1546$9329 960 $aProtestantesimo$9330 960 $aProtestantesimo$9330 960 $aRiforma protestante$9330 996 $6020$a978-88-15-27318-5 (set)*$9(OLS)http://pul/number/164004 996 $6082$a284.1$9(OLS)http://pul/classification/2568 996 $6245$aLutero :$bun cristiano e la sua eredità, 1517-2017$9(OLS)http://pul/title/207721 996 $6260$aBologna :$bIl Mulino$9(OLS)http://pul/publisher/47928